00335nam a22001217a 45000050016000000200024000160350013000400370013000531000020000662450053000862600048001393000026001872012050209569.0 a8173413762c1995.00 aB-217131 aDPLbENG aSrivastav, V.P. aHIV - AIDS and human rights /cby V.P. Srivastav aDelhibIndian Publishers Distributorsc2006 axviii, 582p.c26 cms.